000 02567cam a22004337i 4500
999 _c2511
_d2511
001 21351796
003 OSt
005 20230623075409.0
008 190529t20192019enk 000 f eng d
010 _a 2019401489
015 _aGBB9B6871
_2bnb
016 7 _a019453969
_2Uk
020 _a9781529029581
_q(paperback)
035 _a(OCoLC)on1090686340
040 _aYDX
_beng
_cYDX
_erda
_dUKMGB
_dKH8
_dATNSH
_dYDXIT
_dOCLCQ
_dNZAUC
_dOCLCF
_dAUAMR
_dMNN
_dDLC
041 1 _aeng
_hjpn
042 _alccopycat
082 0 4 _aFIC KAW
100 1 _aKawaguchi, Toshikazu,
_d1971-
_eauthor.
240 1 0 _aCoffee ga samenai uchini.
_lEnglish
245 1 0 _aBefore the coffee gets cold /
_cToshikazu Kawaguchi ; translated from the Japanese by Geoffrey Trousselot.
264 1 _aLondon :
_bPicador, an imprint of Pan Macmillan,
_c2019.
264 4 _c©2019
300 _a213 pages ;
_c20 cm
336 _atext
_btxt
_2rdacontent
337 _aunmediated
_bn
_2rdamedia
338 _avolume
_bnc
_2rdacarrier
500 _aOriginally published in Japan as Coffee ga samenai uchini by Sunmark Publishing Inc., Tokyo, Japan in 2015.
505 0 _aThe lovers -- Husband and wife -- The sisters -- Mother and child.
520 _a"In a small back alley in Tokyo, there is a café which has been serving carefully brewed coffee for more than one hundred years. But this coffee shop offers its customers a unique experience: the chance to travel back in time. In Before the Coffee Gets Cold, we meet four visitors, each of whom is hoping to make use of the café's time-travelling offer, in order to confront the lover who left them, receive a letter from their husband whose memory has begun to fade, see their sister one last time, and meet the daughter they never got the chance to know. But the journey into the past does not come without risks: customers must sit in a particular seat, they cannot leave the café, and finally, they must return to the present before the coffee gets cold... Toshikazu Kawaguchi's beautiful, moving story explores the age-old question: what would you change if you could travel back in time? More importantly, who would you want to meet, maybe for one last time?" --
_cJacket.
650 0 _aCoffeehouses
_zJapan
_zTokyo
_vFiction.
650 0 _aTime travel
_vFiction.
650 0 _aInterpersonal relations
_vFiction.
700 1 _aTrousselot, Geoffrey,
_etranslator.
906 _a7
_bcbc
_ccopycat
_d3
_encip
_f20
_gy-gencatlg
942 _2ddc
_cFIC